[Event "Match 79__120'/40"]
[Site "Zürich"]
[Date "2024.??.??"]
[Round "28"]
[White "Mephisto Polgar sel. 5"]
[Black "Mephisto Explorer Pro"]
[Result "0-1"]
[WhiteElo "1981"]
[BlackElo "2013"]
[Annotator "Utzinger,K"]
[PlyCount "71"]
[EventDate "2024.10.21"]
[EventType "match"]
[SourceVersionDate "2024.10.21"]

{[%evp 0,71,38,39,41,45,51,29,46,20,26,20,35,45,45,45,45,46,54,44,85,85,87,80,87,84,84,84,84,84,84,68,78,56,67,42,42,29,31,1,7,2,2,-27,-25,-245,-223,-220,-236,-236,-236,-218,-218,-218,-196,-185,-109,-311,-316,-362,-431,-431,-431,-431,-423,-705,-705,-1294,-1300,-1739,-2463,-2601,-29976,-29979]} 1. e4 c5 {Match 120'/40 | Bediener: Rolf Bühler | 28. Partie: Schwarz (Mephisto Explorer Pro) gewinnt | Zwischenstand: 15,0-13,0 (53,5%) für Mephisto Explorer Pro / hypothetisch: 16,5-11,5 (58,9%) für Mephisto Explorer Pro | Eröffnung: Sizilianisch, Taimanov Variante | Kaum hat der Mephisto Polgar mit 2,5 Punkten aus den letzten 3 Partien den Anschluss im Match fast wieder geschafft, leistet er sich mit der heutigen Niederlage einen Flop und erlaubt dem Gegner erneut einen 2 Punktevorsprung. In einer ruhigen Partie mit nicht optimaler Eröffnung von Schwarz liegt der Vorteil praktisch dauernd beim Mephisto Polgar. Er kann aber daraus nichts machen und lässt sich mit 22.a3? in eine Abwicklung ein, die dem Gegner einen Mehrbauer bei gewonnener Stellung im Endspiel beschert.} 2. Nf3 e6 3. d4 cxd4 4. Nxd4 Nc6 {***ENDE BUCH***} 5. Nb5 {***ENDE BUCH***} Nf6 $6 {Ein Abspiel, das nicht empfohlen werden kann.} (5... d6 {gilt als verlässlicher}) 6. Bf4 {Die Drohung Sc7+ mit Qualitätsgewinn erzwingt nun die Schwächung des Feldes d5.} e5 7. Bg5 Bc5 {droht ...Lxf2+ mit Bauerngewinn Kxf2 Sxe4+ nebst ...Sxg5.} (7... a6 $6 8. Bxf6 gxf6 9. Nd6+ Bxd6 10. Qxd6 $16 {1-0 (46) Vachier Lagrave,M (2727)-Gukesh,D (2758) Chess.com INT 2023}) 8. N1c3 O-O (8... d6 {ist eine interessante Alternative} 9. Nd5 (9. Bxf6 Qxf6 10. Nc7+ Kd8 11. f3 Rb8 $11) 9... Nxe4 $1 10. Nbc7+ Kf8 11. Bxd8 Bxf2+ 12. Ke2 Bg4+ 13. Kd3 Nc5+ 14. Kd2 Bxd1 15. Nxa8 Bg4 16. b4 Ne4+ 17. Kd3 Bf5 18. g4 Bg6 19. Bg2 Ng3+ 20. Kd2 Ne4+ $11) 9. Qf3 Nd4 $6 {Das ist von zweifelhafter Güte. Dazu habe ich auch keine einzige Partie in meinen Datenbanken gefunden.} (9... Be7 10. O-O-O Ne8 $1 {Eine Neuerung der Engines, die besser ist als 10...a6, was bis anhin gespielt wurde.} 11. Bxe7 Qxe7 12. Qd3 $16) 10. Nxd4 exd4 {Das Schlagen mit dem Läufer ist noch ungünstiger.} (10... Bxd4 $2 11. Nd5 $18 {und gewinnt}) 11. Nd5 Qa5+ 12. Bd2 Qd8 13. Nxf6+ {Auch wenn die Engines 13.0-0-0 Sxd5 usw. sogar als etwas stärker bewerten, ist der Textzug eine menschlich gute Entscheidung. Schwarz verbleibt mit einer arg geschwächten Bauernstruktur.} Qxf6 14. Qxf6 gxf6 15. Bd3 {Etwas genauer sind 15.0-0-0 und 15.Lc4, weil in beiden Fällen die Öffnung der e-Linie unter weissem Rochadeverlust nicht möglich ist.} d5 {Wohl noch die beste Verteidigung.} (15... d6 16. g4 $16) 16. exd5 Rd8 $16 {+/- (1.07) (81% ) Depth: 39/55} ({Mit} 16... Re8+ 17. Kf1 {hätte Schwarz wenigstens noch die weisse Rochade verhindern können.}) 17. f4 $6 $14 {+/= (0.53) (54%) Depth: 46/65 Die lange Rochade verdient den Vorzug.} Rxd5 18. O-O {Auch 19.Le4 oder 19.0-0-0 geben Weiss geringen Vorteil.} Bf5 19. Bxf5 ({Noch einfacher war} 19. Rf3 Rc8 20. Rc1 Bd6 21. Kf1 $14) 19... d3+ 20. Kh1 dxc2 21. b4 {Verkompliziert die Sache unnötig. Es gab eine simple Ausgleichsvariante:} (21. Rac1 Rxd2 (21... Rxf5 22. Rxc2 $11) 22. Rxc2 Rxc2 23. Bxc2 $11) 21... Bd6 $11 {[#]} 22. a3 $2 {[%mdl 32768] ***VERLUSTZUG*** wie die Engines sofort attestieren, denn nun behält Schwarz einen Freibauer in Form des riesenstarken Bauern auf c2 bei gleichfarbigen Läufern.} (22. Rac1 Rxd2 23. g3 Bxb4 24. Rxc2 Rxc2 25. Bxc2 Rd8 26. Rd1 Rxd1+ 27. Bxd1 $11 {und dieses Endspiel mit ungleichfarbigen Läufern kann Schwarz trotz Mehrbauer nicht gewinnen.}) 22... Rxf5 23. Rfc1 Rc8 24. g3 Rd5 25. Be1 Bf8 {Zwar sind 25...a5! und 25...Td4 oder 25...Kg7 stärker, aber am schwarzen Sieg ist auch so nicht zu rütteln.} 26. Kg2 Bg7 27. Kf1 Rd4 28. Bf2 Rd2 29. Ke1 (29. Bxa7 $2 f5 30. Be3 Bxa1 31. Bxd2 Bb2 32. Re1 c1=Q 33. Bxc1 Rxc1 $19) 29... Rcd8 {droht ...Td1+ und aus} 30. Be3 Rxh2 31. Bg1 Rg2 32. Bc5 ({Falls} 32. Kf1 Rxg1+ $1 33. Kxg1 f5 34. Rxc2 Bxa1 $19) 32... f5 33. Bxa7 Bxa1 34. Rxa1 Re8+ {Schwarz hat Mattangriff} 35. Kf1 Rd2 36. Rc1 {***AUFGEGEBEN***} 0-1

[Event "Match 79__120'/40"]
[Site "Zürich"]
[Date "2024.??.??"]
[Round "29"]
[White "Mephisto Explorer Pro"]
[Black "Mephisto Polgar sel. 5"]
[Result "1-0"]
[WhiteElo "2013"]
[BlackElo "1981"]
[Annotator "Utzinger,K"]
[PlyCount "112"]
[EventDate "2024.10.21"]
[EventType "match"]
[SourceVersionDate "2024.10.21"]

{[%evp 0,112,28,18,23,8,42,63,70,19,33,-1,3,-20,8,8,35,27,15,15,0,0,25,24,20,34,23,23,131,128,122,129,152,6,144,144,154,126,163,129,133,133,117,137,128,129,135,130,137,134,136,132,152,111,143,109,129,115,135,139,166,165,232,232,316,289,298,307,317,306,312,311,309,333,338,338,339,335,356,367,382,382,382,401,479,501,495,491,527,546,535,554,577,565,621,625,632,642,746,742,750,817,917,963,998,1043,1096,1131,1131,1154,1208,1051,1522,1395,1591]} 1. e4 e5 {Match 120'/40 | Bediener: Rolf Bühler | 29. Partie: Weiss (Mephisto Explorer Pro) gewinnt | Zwischenstand: 16,0-13,0 (55,1%) für Mephisto Explorer Pro / hypothetisch: 17,5-11,5 (60,3%) für Mephisto Explorer Pro | Eröffnung: Abgelehntes Königsgambit, Keene Variante | Die lange Rochade kommt dem Mephisto Polgar nicht gut, wird er doch am rochierten Damenflügel einfach überspielt. Um nicht völlig unter die Räder zu kommen, gehen schwarze Bauern und schliesslich auch das Endspiel verloren. Mit seinem verdienten Sieg baut der Mephisto Explorer Pro seinen Vorsprung wieder auf 3 Punkte aus.} 2. f4 {***ENDE BUCH***} Qh4+ (2... Bc5 3. Nf3 d6 {ist das normale Abgelehnte Königsgambit, eine gute und logische Verteidigung, die all den enormen Verwicklungen aus dem Weg geht, die nach 2...exf4 entstehen können.} 4. c3 Nf6 5. d4 exd4 6. cxd4 Bb6 $11) (2... exf4 {das angenommene Königsgambit öffnet eine Fülle von Systemen und Varianten.}) 3. g3 Qe7 4. fxe5 {Damit lässt sich kein Vorteil erzielen.} (4. Nc3 d6 5. d3 g6 6. Nf3 c6 7. Bg2 Bg7 8. O-O Nf6 $14 {Erwartungswert für Weiss 71% (+41% =59% -0%)}) 4... d6 {***ENDE BUCH***} ({Der Verlauf der ersten mit der Variante 2...Dh4 gespielten Partie war wie folgt:} 4... Qxe5 5. Nc3 Bb4 6. Nf3 Qe7 7. Qe2 Bxc3 8. bxc3 Nc6 9. Bg2 d6 10. O-O Nf6 11. d3 Bg4 12. h3 Bxf3 13. Qxf3 Nd7 14. Rb1 Rb8 15. d4 O-O 16. Rb5 f6 17. Qd3 g6 18. Bh6 Rfe8 19. Rf2 Nd8 20. Bd2 Ne6 21. Rb1 Kh8 22. Rbf1 Ng7 23. h4 Rf8 24. a4 Rbe8 25. a5 Nb8 26. c4 c5 27. dxc5 dxc5 28. e5 f5 29. Bc3 Ne6 30. Rb1 Nc6 31. a6 Nb4 32. Bxb4 cxb4 33. axb7 Nc5 34. Qd4 Nxb7 35. Qxa7 Nc5 36. Qxe7 Rxe7 37. Re2 Rfe8 38. Rxb4 Ne4 39. Bxe4 Rxe5 40. c5 fxe4 41. Rc4 Rc8 42. Rexe4 Rcxc5 43. Rxc5 Rxc5 44. c4 Kg7 45. Kf2 Ra5 46. Ke3 Ra3+ 47. Kf4 Kf6 48. g4 h6 49. g5+ hxg5+ 50. hxg5+ Kf7 51. Re5 Ra4 52. Rc5 Ra1 53. Ke5 Rf1 54. Kd6 Rd1+ 55. Rd5 Rg1 56. Re5 {1-0 (56) Basman,M (2395)-Haik,A (2425) London 1978}) 5. d3 (5. exd6 Qxe4+ 6. Qe2 Qxe2+ 7. Nxe2 Bxd6 8. Bg2 {ist eine Variante mit leichtem Vorteil für Weiss. Aber für einen Königsgambit-Spieler macht der frühe Damentausch natürlich keinen Spass.} (8. d3 Bd7 9. Bg2 Bc6 10. Bxc6+ Nxc6 11. Bf4 Bxf4 12. Nxf4 Nf6 {½-½ (12) Andersson,U-Keene,R Nice 1974})) (5. Nf3 dxe5 6. Nc3 Nf6 7. Bc4 {Beast M-SE-avx2:} h6 8. d3 Nc6 9. Qe2 Nd4 10. Nxd4 exd4 11. Nd5 Nxd5 12. Bxd5 Be6 13. Bxe6 Qxe6 14. Qf2 Bb4+ 15. Bd2 Bxd2+ 16. Qxd2 f5 17. O-O fxe4 18. Qa5 O-O-O 19. Qxa7 e3 20. Qa8+ Kd7 21. Qa4+ Kc8 {[%eval 0,56] [%wdl 33,934,33]}) 5... dxe5 6. Bg2 Nc6 7. Nc3 Be6 8. Nf3 Nf6 9. O-O Qc5+ 10. Kh1 h6 11. a3 (11. Qe1 Be7 12. Be3 Nd4 13. Nh4 Ng4 14. Nf5 Nxe3 15. Nxe3 O-O 16. Rf2 c6 17. Na4 Qb5 18. b3 c5 19. Nc3 Qd7 20. Ncd5 Rad8 21. Nxe7+ Qxe7 $11 22. a3 b5 23. Nf5 Qc7 24. Qe3 Rd7 $6 25. Bh3 $6 Rfd8 $6 $11 26. Raf1 $2 $17 a6 $11 27. Bg2 Qc6 $2 28. Kg1 $2 c4 $1 29. bxc4 bxc4 30. Rc1 cxd3 31. Qxd3 $2 $19 Nxf5 32. exf5 Qc5 33. Qf3 Bd5 34. Qg4 Qxa3 35. Rd1 Bxg2 $2 $18 36. Rxd7 Rxd7 37. f6 $1 Qf8 38. Qxd7 Ba8 39. fxg7 Kxg7 40. Qg4+ Kh8 41. Qe6 Kg7 42. Qf6+ Kg8 43. Qxe5 Qd8 44. Rf4 Qb6+ 45. Qd4 Qb1+ 46. Rf1 Qb7 47. Kf2 a5 48. Ke3 Qe7+ 49. Kd2 Qg5+ 50. Qf4 Qd5+ 51. Kc1 Qa2 52. Rf2 Qe6 53. Rd2 Bd5 54. Rd4 Kf8 55. Kd2 a4 56. c4 Bg2 57. Rd6 Qe7 58. Qxh6+ Kg8 59. Qf6 Qxf6 60. Rxf6 Bh3 61. Ra6 Bd7 62. c5 Bb5 63. Rb6 Bd7 64. c6 Bh3 65. c7 Bf5 66. Ra6 Kg7 67. Rxa4 Kg6 68. h4 Bc8 69. Ra8 Bd7 70. Rd8 Bf5 71. g4 Bxg4 72. Rg8+ Kh5 73. Rxg4 Kxg4 74. c8=Q+ Kxh4 75. Qf5 f6 {1-0 (75) Super Forte C 6 MHz sel. 4 (2009)-Mephisto Polgar sel. 5 (1981) Zurich 2024}) 11... O-O-O {Vorsichtige Naturen würden hier eher mit 11...Le7 die kurze Rochade anstreben. Bei gegenseitigen Rochaden geht es darum, wer kommt zuerst.} 12. Qe1 Be7 {Das ist zu langsam, so dass Weiss nun deutlichen Vorteil erhält. Eine mögliche Variante mit nur leichtem Vorteil für Weiss zeigt Beast M-SE-avx2:} ({Beast M-SE-avx2:} 12... Nd4 {+/= (0.35) (55%) Depth: 50/71} 13. b4 Qb6 14. Rb1 Bd6 15. Rb2 Qa6 16. Nd1 Nxf3 17. Rxf3 Qxa3 18. Ne3 h5 19. h3 Bf8 20. Rf2 Qa4 21. Bd2 Rd6 22. b5 Kb8 23. Bc3 Rb6 24. Rb1 Bd6 25. Rd2 Qa3 26. Rdd1 Qc5 27. h4 Rxb5 28. d4 exd4 29. Bxd4 Rxb1 30. Bxc5 Rxd1 31. Bxa7+ Kxa7 32. Nxd1 Nd7 33. e5 Nxe5 34. Qe4 Nc6 35. Qa4+ Kb8 36. Qb5 Bd7 {[%eval 35,50] [%wdl 100,890,10]}) 13. Be3 {[#]} Qd6 $2 {[%mdl 2] ***VERLUSTZUG*** Danach rollt der weisse Angriff schneller. Deshalb war 13...Sd4 besser.} 14. Nb5 Qd7 15. Nxa7+ Nxa7 16. Qa5 $6 $16 {Danach steht Weiss nur noch besser, während 16.Lxa7 gewinnt. Natürlich liegt die Gewinnvariante einmal mehr weit ausserhalb der Rechenkapazität unserer Oldies.} (16. Bxa7 b6 17. a4 Ng4 (17... Kb7 18. Nxe5 Qd4 19. Rf5 $3 $18) 18. a5 Kb7 19. axb6 cxb6 20. h3 Nf6 (20... Ra8 21. hxg4 f6 22. Bxb6 Kxb6 23. Qd2 $18) 21. Bxb6 Kxb6 22. Qa5+ Kb7 23. Nxe5 Ra8 24. Nxd7 Rxa5 25. Rxa5 Nxd7 $18) 16... Qb5 $2 {[%mdl 2] Statt sich mit 16...Sc6 zu verteidigen, lässt sich der Mephisto Polgar den Sa7 schnappen. Offenbar hat das Programm von Ed Schröder die Fortsetzung 17.Da8+ Sb8 18.La7 gefährlicher als den Textzug bewertet.} 17. Qxa7 Ng4 18. a4 {Nichts sprach auch gegen 18.Lg1, was gar eine Spür genauer ist.} Qb4 19. Bd2 Qc5 (19... Qxb2 $2 {ist wesentlich schwächer} 20. Rfb1 Qxc2 21. Qxb7+ Kd7 22. Rc1 Rb8 23. Qa7 Ra8 24. Nxe5+ Nxe5 25. Qd4+ Bd6 26. Rxc2 $18) 20. Qxc5 {Hier muss 20.Da8+ als noch stärker eingeschätzt werden.} (20. Qa8+ Kd7 21. Qxb7 Rb8 22. b4 Rxb7 23. bxc5 Bxc5 24. h3 h5 25. hxg4 hxg4+ 26. Nh2 Rbb8 27. Be1) 20... Bxc5 21. h3 Ne3 22. Bxe3 Bxe3 23. Nxe5 {Zwei weisse Mehrbauern sollten nun einen komfortablen Sieg sichern.} f6 24. Nf3 ({Stärker ist} 24. Ng6 Rhe8 25. Nf4 {+- (2.55) (100%) ist stärker}) 24... Bc5 25. Rae1 (25. a5 {war besser mit der Idee, durch a5-a6 die a-Linie zu öffnen oder einen starken Freibauern zu etablieren.}) 25... Bb4 26. Re2 Bd7 27. b3 {Schwächt die dunklen Felder und erschwert so den Gewinn.} Rhe8 28. Kh2 Bc6 (28... Bc3 {ist besser}) 29. Nh4 {Die Idee, den Springer aktiv nach f5 zu bringen, ist gut.} Bc5 30. Bf3 Re7 $6 {Nicht gut und erlaubt dem weissen Springer, mit Tempo nach f5 zu gelangen.} 31. Nf5 Rf7 $2 {[%mdl 2] Das ist der schlechteste Platz für den Turm, kann nun Weiss durch Linienöffnung seinen Figuren die maximale Kraft einhauchen.} 32. e5 $1 {Der Mephisto Explorer Pro packt seine Chance.} Bxf3 (32... fxe5 33. Bxc6 bxc6 34. Nd6+ Bxd6 35. Rxf7 $18) (32... g6 33. Bxc6 gxf5 (33... bxc6 34. e6 Rh7 35. Nh4 g5 36. Nf5 $18) 34. Rxf5 $18) 33. Rxf3 Re8 (33... fxe5 34. Nd6+ Bxd6 35. Rxf7 $18) 34. e6 g6 {Es gibt keine Rettung mehr.} (34... Rff8 35. Nxg7 $18) 35. Nxh6 Rff8 36. c3 {Nun wird mit d4 auch noch die Beweglichkeit des gegnerischen Läufers eingeschränkt.} f5 37. d4 Be7 38. Nf7 c6 39. c4 Kc7 40. d5 Bd6 41. Rc2 b6 42. a5 $1 {Noch ein starker Zug von Weiss.} Bb4 {Schwarz ist abolut hilflos.} (42... bxa5 43. c5 $18) 43. axb6+ {Auch andere Züge gewinnen.} (43. d6+ Bxd6 44. axb6+ Kxb6 45. Nxd6 Rxe6 46. c5+ Kc7 47. Ra2 $18) (43. a6 Ba3 (43... Ra8 44. Rd3 $18) 44. Kg2 Be7 45. Rd3 Bd6 46. a7 Re7 47. Ra2 Ra8 48. h4 Ree8 49. b4 Re7 50. c5 bxc5 51. bxc5 Bxc5 52. d6+ Bxd6 53. Rxd6 Rxf7 54. exf7 $18) 43... Kxb6 44. c5+ $1 {Weiss macht alles richtig.} Bxc5 45. Ne5 Kb5 46. Nd7 Be7 47. Nxf8 Bxf8 48. dxc6 Rc8 49. Re3 Be7 50. c7 g5 51. Rd3 Kb4 52. Rd7 Bf6 53. e7 Bxe7 54. Rxe7 Ka5 55. Rc6 f4 56. Rd6 Kb5 {***AUFGEGEBEN***} 1-0